|
|
|
|
| LEADER |
00000nam a2200000 a 4500 |
| 001 |
1/125863 |
| 008 |
230113s2020####gr | ||| |||| ||gre|| |
| 020 |
|
|
|a 9786185173784
|
| 040 |
|
|
|a GR-MyUa
|b gre
|c GR-MyUa
|e AACR2
|
| 041 |
0 |
|
|a gre
|
| 082 |
7 |
|
|a 100
|2 (23)
|
| 100 |
1 |
|
|a Μπόκαρης, Ευθύμιος Π.
|
| 245 |
1 |
0 |
|a Φιλοσοφία και επιστήμες:
|b (από τον Πλάτωνα μέχρι τον Καντ) /
|c Ευθύμιος Μπόκαρης.
|
| 250 |
|
|
|a 2η έκδ.
|
| 260 |
|
|
|a Αθήνα:
|b Utopia,
|c c2020.
|
| 300 |
|
|
|a xxi, 562 σ. ;
|c 20 εκ.
|
| 504 |
|
|
|a Περιέχει βιβλιογραφικές αναφορές και ευρετήριο.
|
| 650 |
|
0 |
|a Philosophy and science
|
| 852 |
|
|
|a INST
|b LESVOS
|c EUDOXUS
|e 20230113
|h 100 ΜΠΟ
|p 005100063941
|q 005100063941
|t EDX
|y 0
|
| 920 |
|
|
|a Εύδοξος
|b Παραγγελία
|y Λέσβος-ΤΚΑΙ
|z 2023-01
|
| 970 |
|
|
|a Δημάκη
|b Μαρία
|z 13-01-2023
|